LEADER 01746nam a2200385 a 4500 001 000000147981 003 CaOOAMICUS 005 20151204134354.0 008 151204s2015 it adf u000 u ita r 020 $a978-88-339-2703-9* 032 $aLibriCat 040 $aPUL$bita 041 1 $aita$heng 082 04$a576.8 100 1 $aLeakey, Richard.$0(OLS)http://pul/name/80110 240 10$aSixth extinction.$lItaliano.$0(OLS)http://pul/title/186724 245 13$aLa sesta estinzione :$bla vita sulla terra e il futuro del genere umano /$cRichard Leakey e Roger Lewin ; traduzione di Isabella C. Blum. 260 $aTorino :$bBollati Boringhieri,$c©2015. 300 $a302 p., [4] c. di tav. :$bill., grafici ;$c19 cm. 490 1 $aI Grandi Pensatori ;$v118 500 $aInclude indice. 504 $aBibliografia in nota. 650 4$aEvoluzione (biologia).$0(OLS)http://pul/subject/29038 650 4$aSpecie$xEstinzione.$0(OLS)http://pul/subject/42763 700 1 $aBlum, Isabella C.$0(OLS)http://pul/name/94522 700 1 $aLewin, Roger.$0(OLS)http://pul/name/94523 830 2$aI grandi pensatori (Bollati Boringhieri) ;$v118.$0(OLS)http://pul/title/157822 850 $aPUL 852 $aPUL$W1$xSL Cons. Gen., Altre Classi 3$y75$m576. 8 LEARI 1$j170770$qDDC 21$B171800$CPULBib$Z2$F171800 $H126634 $81 941 1 $a9 996 $6020$a978-88-339-2703-9*$9(OLS)http://pul/number/159195 996 $6082$a576.8$9(OLS)http://pul/classification/613 996 $6245$aLa sesta estinzione :$bla vita sulla terra e il futuro del genere umano$9(OLS)http://pul/title/186725 996 $6260$aTorino :$bBollati Boringhieri$9(OLS)http://pul/publisher/47883 LEADER 01286nam a2200265 a 4500 001 000000161964 003 CaOOAMICUS 005 20170714175624.0 008 170714s1986 it m 001 u eng r 032 $aLibriCat 040 $aPUL$bita 100 1 $aPandimakil, Peter G.$0(OLS)http://pul/name/103830 245 14$aThe analysis of myth in the works of Claude Levistrauss : $ba study in structural anthropology of religion / $cPeter G. Pandimakil . 260 $aRoma :$b[s.n.],$c1986. 300 $a130 p ;$c25 cm. 502 $aEstratto di Tesi -- Pontificia Universitas Gregoriana. Facultas Missiologiae. 1986. 504 $aBibliografia in nota a piè pagina. 600 14$aLévi-Strauss, Claude,$d1908-$0(OLS)http://pul/subject/8736 710 2 $aPontificia Università Gregoriana.$bFacoltà di missiologia.$kTesi.$0(OLS)http://pul/name/82191 850 $aPUL 852 $aPUL$W1$xDP1 Tesi Pon. Univ. Gregoriana$y40$mTH PUG 3311$j185947$qTesi$B189164$CPULBib$Z2$F189164 $H55017 $82 941 1 $a16 996 $6245$aThe analysis of myth in the works of Claude Levistrauss : $ba study in structural anthropology of religion / $9(OLS)http://pul/title/201728 996 $6260$aRoma :$b[s.n.]$9(OLS)http://pul/publisher/47958